000 00505nam a2200193Ia 4500
003 GCL
008 140319s9999 xx 000 0 ara d
040 _aGCL /
_cGCL
082 0 4 _a813.03
_bم ل
100 1 _aمصطفى امين
245 1 0 _aلا /
_cمصطفى امين
260 _a[S.N] :
_bدار الجيل ،
_c1991
300 _a927 ص
490 _a
650 0 4 _aالادب العربى
650 0 4 _aالقصص العربية
650 0 4 _aالقصة العربية
942 _2ddc
_cBK
999 _c55852
_d55852